000 01170nam a22003137a 4500
001 BR8500662
003 BR-BrBNA
005 20230928092047.0
007 ta
008 230509b bl.||||| |||| 00| 0 por d
040 _aBR-BrBNA
_bpor
_cBiblioteca Nacional de Agricultura
041 _a(Por)
072 _aL30; L32
_b5212
090 _ 5212 BR8500662
100 1 _aSugohara, A.
110 1 _aEscola Superior de Agricultura Luiz de Queiroz, Piracicaba, SP (Brasil)
_0Tese (Mestre em Agronomia)
245 1 _aEvolucao fisico-quimica de colostro fermentado naturalmente ou conservado com formaldeido a temperatura ambiente [nutricao animal, bezerro]
246 1 _aPhysicochemical evolution of colostrum naturally fermented or preserved with formaldehyde at ambient temperature [animal feeding, calf]
260 3 _aPiracicaba, SP (Brasil):
_c1984.
300 _a90 p.
500 _a8 illus.; 24 tables; Bibliography p. 71-80 (67 ref.); Summaries (Eng, Por)
650 _aBEZERRO
650 _aCOLOSTRO
650 _aPRESERVACAO DE ALIMENTO
650 _aNUTRICAO ANIMAL
650 _aFERMENTACAO
909 _a202309
_bLucia
_c55
_dLucia Elande
942 _cBK
999 _c36948
_d36948